000 00312nam a2200109Ia 4500
008 190216s9999||||xx |||||||||||||| ||und||
100 _aRajendra Pal & Prempuri S Chopra
245 0 _aPremier Digest Auditors Junior Accountants U.D.C.`s
260 _bSulthan Chand&Sons
_c1980
300 _a353p
942 _cREF
999 _c35735
_d35735